| 000 | 01111cam a2200229 a 4500 | ||
|---|---|---|---|
| 001 | 12290910 | ||
| 003 | NUST | ||
| 005 | 20250113135751.0 | ||
| 008 | 010126r20011961nyua b 001 0 eng | ||
| 010 | _a 2001017316 | ||
| 020 | _a0486416046 (pbk.) | ||
| 040 |
_aDLC _cDLC _dDLC |
||
| 082 | 0 | 0 | _a150,JAM |
| 100 | 1 |
_aJames, William, _d1842-1910. _9127520 |
|
| 245 | 1 | 0 |
_aPsychology : _bthe briefer courser / _cWilliam James. |
| 260 |
_aMineola, N.Y. : _bDover Publications, _c2001. |
||
| 300 |
_avii, 343 p. : _bill. ; _c21 cm. |
||
| 505 | _aHabit (Page-1), The Stream of Consciousness (Page-18), The Self (Page-43), Attention (Page-84), Conception (Page-106), Discrimination (Page-111), Association (Page-120), The Sense of Time (Page-147), Memory (Page-154), Imagination (Page-169), Perception (Page-179), The Perception of Space (Page-202), Reasoning (Page-218), Emotion (Page-240), Instinct (Page-258), Will (Page-282), Epilogue (Page-328). | ||
| 650 | 0 | _aPsychology. | |
| 856 | 4 | 2 |
_3Publisher description _uhttp://www.loc.gov/catdir/description/dover032/2001017316.html |
| 942 |
_2ddc _cBK _h150,JAM |
||
| 999 |
_c612620 _d612620 |
||